| 000 | 00808nam a2200229 a 4500 | ||
|---|---|---|---|
| 003 | OSt | ||
| 005 | 20161206151114.0 | ||
| 008 | 020226s2000 esp 000 0 spa d | ||
| 020 | _a978-607-15-0560-6 | ||
| 040 |
_cCRI _aBMC |
||
| 082 | _a658.3 | ||
| 100 | 1 |
_aChiavenato, Idalberto _98388 |
|
| 245 | 1 | 0 |
_aAdministración de recursos humanos _b: el capital humano de las organizaciones _cIdalberto Chiavenato; revisión técnica, Margarita Bárcenas Salas ; María Magdalena Salame aguilar |
| 250 | _a9ª ed | ||
| 260 |
_aMéxico D.F. [etc.] _bMcGraw-Hill _c2011 |
||
| 300 |
_aXIII, 421 p. _c26 cm |
||
| 500 | _aÍndice: p. [IX] | ||
| 650 | 2 | 4 |
_aGestión de recursos humanos _95702 |
| 700 | 1 |
_926550 _aBárcenas Salas, Margarita |
|
| 700 | 1 |
_940157 _aSalame Aguilar, María Magdalena |
|
| 942 |
_2ddc _cBK |
||
| 999 |
_c26246 _d26246 |
||